| 000 | 01938nam0a2200373 i 4500 | ||
|---|---|---|---|
| 001 | RU\NLR\bibl\1925637 | ||
| 005 | 20260406004717.0 | ||
| 010 |
_a9785914420762 _9300 |
||
| 021 |
_aRU _b2012-45454 _93340 |
||
| 035 | _a(nilc)RSL-KNO-005456105 | ||
| 035 | _a(NLR Aleph) 001915048 | ||
| 090 |
_a3228636 _c3228636 |
||
| 100 | _a20120627d2012 u y0rusy50 ca | ||
| 101 | 0 | _arus | |
| 102 | _aRU | ||
| 105 | _aa zzzz||||| | ||
| 200 | 1 |
_aПсихология детей с нарушениями функций опорно-двигательного аппарата _eучебно-методическое пособие _fО. С. Павлова _gМ-во образования и науки Российской Федерации, ФГБОУ ВПО "Оренбургский гос. пед. ун-т" |
|
| 210 |
_aОренбург _cГБУ РЦРО _d2012 |
||
| 215 |
_a108 с. _cил., табл. _d21 |
||
| 320 | _aБиблиогр.: с. 8, 108 | ||
| 606 |
_aДети с церебральным параличом _jУчебно-методические пособия для высших учебных заведений _xПсихологическая помощь _92503324 _3RU\NLR\AUTH\661484547 |
||
| 606 | 1 |
_aДетский церебральный паралич _jУчебно-методические пособия для высших учебных заведений _xВосстановительная терапия _92147953 _3RU\NLR\AUTH\661598540 |
|
| 686 |
_aЮ948.28я73-14 _2rubbk |
||
| 686 | 1 | _aЮ984.92я73 | |
| 686 | 1 | _aЮ948.2я73 | |
| 686 | 1 | _aР733.627.706.1-5я73 | |
| 700 | 1 |
_4070 _7ca _8rus _aПавлова _bО. С. _cпсихолог _gОльга Станиславовна _997138 _3RU\NLR\auth\77114213 |
|
| 801 | 0 |
_aRU _bRuMoRKP _c20120627 _grcr |
|
| 801 | 1 |
_aRU _bРГБ _c20120627 |
|
| 801 | 2 |
_aRU _bNLR _c20120717 _grcr |
|
| 942 | _cBOOK | ||
| 980 | _aNBR | ||